00414nam a2200145Ia 4500008004100000010001400041040002600055041002600081082001600107100002300123245004700146260002600193300002200219600002700241090201s9999 xx 000 0 und d aKPL-14015 bइंग्रजी aइंग्रजी a5270b14015 adr benjamin spock aa young of maharashtracdr benjamin spock c1973bthe bodley head a192bमोठा aa young of maharashtra